000
00310nam a22001337a 4500
008
170905b xxu||||| |||| 00| 0 eng d
020
_a
9781256777137
041
_a
eng
080
_a
070
100
_a
40
101
_a
MED
245
_a
COMPOSE DESIGN AN ORAL COMMUNICATION
_c
WYSOCKI.A.F
942
_2
udc
_c
BK
999
_c
26101
_d
26101